|
|
|
|
| LEADER |
00000naa2a2200000 4500 |
| 001 |
636124 |
| 005 |
20251124151144.0 |
| 035 |
|
|
|a (RuTPU)RU\TPU\conf\37981
|
| 035 |
|
|
|a RU\TPU\conf\37975
|
| 090 |
|
|
|a 636124
|
| 100 |
|
|
|a 20230629d2023 k y0rusy50 ca
|
| 101 |
0 |
|
|a rus
|
| 102 |
|
|
|a RU
|
| 105 |
|
|
|a y z 101zy
|
| 135 |
|
|
|a drcn ---uucaa
|
| 181 |
|
0 |
|a i
|
| 182 |
|
0 |
|a b
|
| 200 |
1 |
|
|a Влияние добавки оксида алюминия на гидротермальную стойкость керамики на основе диоксида циркония
|f Ц. Ху, О. С. Толкачёв, Х. Си, Ц. Ли
|g науч. рук. Э. С. Двилис
|
| 203 |
|
|
|a Текст
|c электронный
|
| 225 |
1 |
|
|a Перспективные материалы и нанотехнологии
|
| 300 |
|
|
|a Заглавие с титульного экрана
|
| 320 |
|
|
|a [Библиогр.: с. 589 (2 назв.)]
|
| 461 |
|
1 |
|0 (RuTPU)RU\TPU\conf\37590
|t Химия и химическая технология в XXI веке
|o материалы XXIV Международной научно-практической конференции студентов и молодых ученых имени выдающихся химиков Л. П. Кулёва и Н. М. Кижнера, посвященной 85-летию со дня рождения профессора А. В. Кравцова, Томск, 15-19 мая 2023 г.
|o в 2 т.
|f Национальный исследовательский Томский политехнический университет (ТПУ) ; Инженерная школа природных ресурсов ; Инженерная школа новых производственных технологий ; Исследовательская школа химических и биомедицинских технологий ; Инженерная школа ядерных технологий
|d 2023
|
| 463 |
|
1 |
|0 (RuTPU)RU\TPU\conf\37592
|t Т. 2
|v [С. 588-589]
|d 2023
|
| 610 |
1 |
|
|a труды учёных ТПУ
|
| 610 |
1 |
|
|a электронный ресурс
|
| 610 |
1 |
|
|a добавки
|
| 610 |
1 |
|
|a оксид алюминия
|
| 610 |
1 |
|
|a гидротермальная стойкость
|
| 610 |
1 |
|
|a керамика
|
| 610 |
1 |
|
|a диоксид циркония
|
| 610 |
1 |
|
|a добавки
|
| 610 |
1 |
|
|a шероховатости
|
| 610 |
1 |
|
|a спекание
|
| 701 |
|
1 |
|a Ху
|b Ц.
|
| 701 |
|
1 |
|a Толкачёв
|b О. С.
|c химик-технолог
|c научный сотрудник Томского политехнического университета
|f 1990-
|g Олег Сергеевич
|3 (RuTPU)RU\TPU\pers\32441
|
| 701 |
|
1 |
|a Си
|b Х.
|
| 701 |
|
1 |
|a Ли
|b Ц.
|
| 702 |
|
1 |
|a Двилис
|b Э. С.
|c химик-технолог
|c старший научный сотрудник Томского политехнического университета, профессор, доктор физико-математических наук
|f 1969-
|g Эдгар Сергеевич
|4 727
|
| 712 |
0 |
2 |
|a Национальный исследовательский Томский политехнический университет
|c (2009- )
|9 26305
|
| 801 |
|
2 |
|a RU
|b 63413507
|c 20230803
|g RCR
|
| 856 |
4 |
|
|u http://earchive.tpu.ru/handle/11683/76832
|
| 942 |
|
|
|c BK
|